[Event "RUS-chT rapid"]
[Site "Sochi"]
[Date "2015.05.08"]
[Round "3.32"]
[White "Mkrtchyan, Artak"]
[Black "Oganian, Miran"]
[Result "1/2-1/2"]
[WhiteElo "2001"]
[BlackElo "2371"]
[PlyCount "125"]
[EventDate "2015.05.08"]
[EventType "team-swiss"]
[EventRounds "9"]
[EventCountry "RUS"]
[SourceTitle "CBM 166 Extra"]
[Source "ChessBase"]
[SourceDate "2015.06.18"]
[SourceVersion "1"]
[SourceVersionDate "2015.06.18"]
[SourceQuality "1"]
[WhiteTeam "Stavropol Region"]
[BlackTeam "Krasnodar region"]
[WhiteTeamCountry "RUS"]
[BlackTeamCountry "RUS"]

1. Nf3 Nf6 2. g3 e6 3. Bg2 Be7 4. 0-0 0-0 5. d3 d5 6. Nbd2 c5 7. e4 Nc6 8. e5 Nd7 9. Re1 b5 10. h4 a5 11. Nf1 b4 12. Bf4 a4 13. a3 bxa3 14. bxa3 Nd4 15. N1h2 Nxf3+ 16. Qxf3 Bb7 17. h5 Bg5 18. Qg4 Bxf4 19. gxf4 Qe7 20. Nf3 h6 21. Nh4 Bc6 22. c4 Nb6 23. Rab1 Qc7 24. f5 f6 25. fxe6 fxe5 26. Nf5 Rab8 27. e7 Rxf5 28. Qxf5 Qxe7 29. Rxe5 Qc7 30. cxd5 Bd7 31. Qg6 Qxe5 32. Rxb6 Rf8 33. Be4 Bf5 34. Bxf5 Qxf5 35. Qe6+ Kh7 36. Qg6+ Kg8 37. Qe6+ Kh8 38. Qxf5 Rxf5 39. Rb8+ Kh7 40. Rd8 Rxh5 41. Kg2 Kg6 42. Kf3 Kf6 43. Ke4 Rh4+ 44. Ke3 Rd4 45. Ra8 Ke5 46. Rg8 g5 47. Rg6 Kxd5 48. Rxh6 Rh4 49. Rg6 Rh3+ 50. f3 Rh5 51. Ra6 Rh4 52. Rg6 Rh5 53. Ra6 Rh4 54. Rg6 Rh5 55. Ra6 Rh4 56. Rg6 Rh5 57. Ra6 Rh4 58. Rg6 Rh5 59. Ra6 Rh4 60. Rg6 Rh5 61. Ra6 Rh4 62. Rg6 Rh5 63. Ra6 1/2-1/2

[Event "Anapa op"]
[Site "Anapa"]
[Date "2012.09.06"]
[Round "7"]
[White "Mecsherykov, Andrei"]
[Black "Mkrtchyan, Artak"]
[Result "0-1"]
[WhiteElo "1960"]
[BlackElo "2082"]
[PlyCount "58"]
[EventDate "2012.08.30"]
[EventType "swiss"]
[EventRounds "9"]
[EventCountry "RUS"]
[SourceTitle "CBM 150 Extra"]
[Source "ChessBase"]
[SourceDate "2012.10.19"]
[SourceVersion "1"]
[SourceVersionDate "2012.10.19"]
[SourceQuality "1"]

1. Nf3 Nf6 2. g3 d5 3. Bg2 c5 4. 0-0 Nc6 5. d3 e6 6. Nbd2 b6 7. e4 Bb7 8. Re1 Be7 9. e5 Nd7 10. Nf1 Qc7 11. Bf4 h6 12. h4 0-0-0 13. a3 Rdg8 14. Qd2 Qd8 15. h5 g5 16. hxg6 fxg6 17. Bxh6 g5 18. Bxg5 Bxg5 19. Qe2 Qf8 20. N1d2 Qh6 21. Nxg5 Rxg5 22. Nf3 Rh5 23. Nh4 Nd4 24. Qd1 Nf5 25. Bf3 Rg5 26. Nxf5 Rxf5 27. Bg2 Qh2+ 28. Kf1 Qxg3 29. Qd2 Rh2 0-1

[Event "Anapa op"]
[Site "Anapa"]
[Date "2012.09.03"]
[Round "4"]
[White "Mkrtchyan, Artak"]
[Black "Gagarin, Sergey"]
[Result "1-0"]
[WhiteElo "2082"]
[BlackElo "1860"]
[PlyCount "55"]
[EventDate "2012.08.30"]
[EventType "swiss"]
[EventRounds "9"]
[EventCountry "RUS"]
[SourceTitle "CBM 150 Extra"]
[Source "ChessBase"]
[SourceDate "2012.10.19"]
[SourceVersion "1"]
[SourceVersionDate "2012.10.19"]
[SourceQuality "1"]

1. f4 d5 2. Nf3 Bf5 3. b3 Nf6 4. Bb2 e6 5. e3 c5 6. Bb5+ Nc6 7. Ne5 Qc7 8. d3 a6 9. Bxc6+ bxc6 10. Nd2 Be7 11. g4 Bg6 12. h4 h5 13. g5 Nd7 14. Nxg6 fxg6 15. Bxg7 Rg8 16. Bb2 Qb6 17. Qe2 a5 18. a4 Bf8 19. e4 0-0-0 20. 0-0-0 Bd6 21. Rdf1 Rde8 22. Qg2 Rgf8 23. f5 gxf5 24. exf5 Rxf5 25. Rxf5 exf5 26. Qf3 Qb4 27. Qxh5 Bf4 28. Qxe8+ 1-0

[Event "Anapa op"]
[Site "Anapa"]
[Date "2012.08.30"]
[Round "1"]
[White "Khannanov, Ruslan"]
[Black "Mkrtchyan, Artak"]
[Result "0-1"]
[WhiteElo "1745"]
[BlackElo "2082"]
[PlyCount "68"]
[EventDate "2012.08.30"]
[EventType "swiss"]
[EventRounds "9"]
[EventCountry "RUS"]
[SourceTitle "CBM 150 Extra"]
[Source "ChessBase"]
[SourceDate "2012.10.19"]
[SourceVersion "1"]
[SourceVersionDate "2012.10.19"]
[SourceQuality "1"]

1. e4 c6 2. d4 d5 3. Nc3 dxe4 4. Nxe4 Nf6 5. Nxf6+ exf6 6. c3 Bd6 7. Bd3 0-0 8. Be3 Qc7 9. Nf3 Re8 10. 0-0 Nd7 11. Qc2 Nf8 12. h3 Ng6 13. Rfe1 Be6 14. Rad1 Bd5 15. Nd2 Bh2+ 16. Kh1 Nh4 17. Be4 Rxe4 18. Nxe4 f5 19. Bg5 Nxg2 20. Kxg2 Re8 21. Kf1 fxe4 22. c4 Be6 23. Kg2 Bf5 24. Qd2 h6 25. Be3 Re6 26. d5 Rg6+ 27. Kh1 Bxh3 28. f4 Bg3 29. Rg1 c5 30. d6 Qd7 31. Bxc5 Bf1 32. f5 Qxf5 33. Rxg3 Rxg3 34. d7 Qf3+ 0-1

[Event "Stavropol Region-ch"]
[Site "Kislovodsk"]
[Date "2010.09.22"]
[Round "5"]
[White "Mkrtchyan, Artak"]
[Black "Sobolev, Maksimilian"]
[Result "1-0"]
[WhiteElo "2101"]
[BlackElo "1814"]
[PlyCount "43"]
[EventDate "2010.09.18"]
[EventType "swiss"]
[EventRounds "9"]
[EventCountry "RUS"]
[SourceTitle "EXT 2022"]
[Source "ChessBase"]
[SourceDate "2021.10.06"]
[SourceVersion "1"]
[SourceVersionDate "2021.10.06"]
[SourceQuality "1"]

1. e4 c5 2. Nf3 d6 3. d4 cxd4 4. Nxd4 Nf6 5. Nc3 a6 6. Be2 e6 7. Be3 Be7 8. 0-0 0-0 9. f4 Qc7 10. Bf3 Nc6 11. a4 Re8 12. Qe1 Bf8 13. g4 Nxd4 14. Bxd4 e5 15. Be3 Bxg4 16. f5 Bxf3 17. Rxf3 h6 18. Qh4 Qe7 19. Rg3 Kh7 20. Bg5 Qd8 21. Bxf6 gxf6 22. Qg4 1-0